Súčasnosť a budúcnosť kryptomien v kontexte svetového finančného systému

Súčasnosť a budúcnosť kryptomien, ktoré sa stávajú čoraz dôležitejšou súčasťou svetového finančného systému. Analýza interakcií medzi súčasným finančným systémom a kryptomenami. Zúčtovanie kryptomien. Analýza hlavných pozitíva negatív nového systému kryptomien.

Salvato in:
Dettagli Bibliografici
Autore principale: Vravec, Ján
Natura: Capitolo di libro
Lingua:slovacco
Soggetti:
Tags: Aggiungi Tag
Nessun Tag, puoi essere il primo ad aggiungerne!!

MARC

LEADER 00000nla a2200000 4500
001 0238469
005 20260205071011.0
041 0 |a slo 
044 |a SK 
245 1 0 |a Súčasnosť a budúcnosť kryptomien v kontexte svetového finančného systému  |c Ján Vravec 
520 |a Súčasnosť a budúcnosť kryptomien, ktoré sa stávajú čoraz dôležitejšou súčasťou svetového finančného systému. Analýza interakcií medzi súčasným finančným systémom a kryptomenami. Zúčtovanie kryptomien. Analýza hlavných pozitíva negatív nového systému kryptomien. 
610 2 0 |a mena virtuálna 
610 2 0 |a systém menový 
610 2 0 |a banky centrálne 
610 2 0 |a zúčtovanie 
610 2 0 |a trh menový 
100 1 |a Vravec, Ján